000
00287nam a2200121Ia 4500
008
190802s9999 xx 000 0 und d
020
_a
978-81-906919-4-9
100
_a
J.B.Gupta
245
0
_a
Basic Electronics
260
_a
India
_b
Katson Books
_c
2014
300
_a
525:P
942
_c
BK
999
_c
2597
_d
2597